| 000 | 00468nab a2200145Ia 4500 | ||
|---|---|---|---|
| 003 | ES-SlBCS | ||
| 005 | 20210601133737.0 | ||
| 008 | 140529s2003 xxu||||| |||| 00| 0 por d | ||
| 041 | _apor | ||
| 100 | 1 |
_aChaves-Tannús, Marcio _9209061 |
|
| 245 | 0 | 0 |
_aAlgumas questoes adicionais relativas à dialética aristotélica _c Marcio Chaves-Tannús |
| 650 | 0 | 4 |
_aLógica _914736 |
| 773 | 0 |
_tEducaçao e Filosofia _gvol. 17, nº. 34, 2003, págs. 13-33 _wRev1534 |
|
| 942 | _cAR | ||
| 999 |
_c601415 _d601415 |
||